| 000 | 00662nam a22001937a 4500 | ||
|---|---|---|---|
| 008 | 180125b xxu||||| |||| 00| 0 eng d | ||
| 020 | _a0132433397 (pbk.) | ||
| 020 | _a9780132433396 (pbk.) | ||
| 050 |
_aHN16 _b.M24 2008 |
||
| 100 | _aMacionis, John J | ||
| 245 |
_aSocial problems / _cJohn J. Macionis |
||
| 250 | _a3rd ed | ||
| 260 |
_aUpper Saddle River, N.J. : _bPearson/Prentice Hall, _c2008 |
||
| 300 |
_axxxiii, 566 p. : _bill. (chiefly col.), col. maps ; _c27 cm |
||
| 500 | _aIncludes bibliographical references and indexes | ||
| 650 | _aSocial problems | ||
| 650 |
_aSocial problems _xUnited States _zUnited States |
||
| 942 |
_2lcc _cBK |
||
| 999 |
_c51935 _d51935 |
||